B. D. Chaurasia's Human Anatomy (Record no. 26794)

MARC details
000 -LEADER
fixed length control field 00377nam a22001577a 4500
003 - CONTROL NUMBER IDENTIFIER
control field SGT
020 ## - INTERNATIONAL STANDARD BOOK NUMBER
International Standard Book Number 9789354664762
082 ## - DEWEY DECIMAL CLASSIFICATION NUMBER
Classification number 611
Item number B24G
100 ## - MAIN ENTRY--PERSONAL NAME
Personal name Garg, Krishna
245 ## - TITLE STATEMENT
Title B. D. Chaurasia's Human Anatomy
250 ## - EDITION STATEMENT
Edition statement 9th ed.
260 ## - PUBLICATION, DISTRIBUTION, ETC. (IMPRINT)
Place of publication, distribution, etc Delhi, India
Name of publisher, distributor, etc C. B. S. Publishers & Distributers Pvt. Ltd.
300 ## - PAGE DESCRIPTION
No. of Pages 532
650 ## - SUBJECT ADDED ENTRY--TOPICAL TERM
Topical term or geographic name as entry element Anatomy
942 ## - ADDED ENTRY ELEMENTS (KOHA)
Source of classification or shelving scheme Dewey Decimal Classification
Koha item type Books
942 ## - ADDED ENTRY ELEMENTS (KOHA)
-- 2
Holdings
Withdrawn status Lost status Source of classification or shelving scheme Damaged status Not for loan Home library Current library Shelving location Date acquired Vendor Name SGTU Bill Number Total Checkouts Full call number Accession No. (Barcode) Date last seen Date last borrowed Bill Date Koha item type
    Dewey Decimal Classification     SGT Dental Library SGT Dental Library Text Book 14/08/2024 Ahuja Book Co. Pvt. Ltd. SGTU 19153 2 611 B24G FD9366 23/07/2025 04/07/2025   Books
    Dewey Decimal Classification     SGT Dental Library SGT Dental Library Text Book 14/08/2024 Ahuja Book Co. Pvt. Ltd. SGTU 19153 2 611 B24G FD9367 26/05/2025 26/05/2025   Books
    Dewey Decimal Classification     SGT Dental Library SGT Dental Library Text Book 14/08/2024 Ahuja Book Co. Pvt. Ltd. SGTU 19153 2 611 B24G FD9368 01/07/2025 01/07/2025   Books
    Dewey Decimal Classification     SGT Dental Library SGT Dental Library Text Book 14/08/2024 Ahuja Book Co. Pvt. Ltd. SGTU 19153 2 611 B24G FD9369 01/07/2025 01/07/2025   Books
    Dewey Decimal Classification     SGT Dental Library SGT Dental Library Text Book 14/08/2024 Ahuja Book Co. Pvt. Ltd. SGTU 19153 1 611 B24G FD9370 13/02/2025 13/02/2025   Books